Historia de la literatura española / (Record no. 152569)

MARC details
000 -LEADER
campo de control de longitud fija 00935nam a2200241 i 4500
001 - NÚMERO DE CONTROL
campo de control 152569
003 - IDENTIFICADOR DE NÚMERO DE CONTROL
campo de control ES-MaACL
005 - FECHA Y HORA DE LA ÚLTIMA TRANSACCIÓN
campo de control 20231111062532.0
008 - DATOS DE LONGITUD FIJA--INFORMACIÓN GENERAL
campo de control de longitud fija 931025s1829 sp |||| | spa d
040 ## - FUENTE DE CATALOGACIÓN
Centro catalogador/agencia de origen PAB
Lengua de catalogación spa
Centro/agencia transcriptor CCPB
080 ## - NÚMERO DE LA CLASIFICACIÓN DECIMAL UNIVERSAL
Número de la Clasificación Decimal Universal 821.134.2.09"12/17"
100 1# - ENTRADA PRINCIPAL--NOMBRE DE PERSONA
Nombre de persona Bouterwek, Friedrich.
9 (RLIN) 126130
245 10 - MENCIÓN DEL TÍTULO
Título Historia de la literatura española /
Mención de responsabilidad, etc. Friedrich Bouterwek ; traduccido del aleman al castellano y adicionado por José Gomez de la Cortina y Nicolás Hugalde y Mollinedo.
260 ## - PUBLICACIÓN, DISTRIBUCIÓN, ETC.
Lugar de publicación, distribución, etc. Madrid :
Nombre del editor, distribuidor, etc. [s.n.],
Fecha de publicación, distribución, etc. 1829 (
Fabricante Imp. de Eusebio Aguado)
300 ## - DESCRIPCIÓN FÍSICA
Extensión 1 v. (XVI, 276 p.) ;
Dimensiones 24 cm.
500 ## - NOTA GENERAL
Nota general No se publico más.
650 #4 - PUNTO DE ACCESO ADICIONAL DE MATERIA--TÉRMINO DE MATERIA
Término de materia o nombre geográfico como elemento de entrada Literatura española-
Subdivisión general Historia y crítica
9 (RLIN) 14560
700 0# - ENTRADA AGREGADA--NOMBRE PERSONAL
Nombre de persona Hugalde y Mollinedo, Nicolás.
9 (RLIN) 64600
700 1# - ENTRADA AGREGADA--NOMBRE PERSONAL
Nombre de persona Gómez de la Cortina, José,
Títulos y otros términos asociados al nombre Conde de la Cortina.
9 (RLIN) 57895
852 ## - LOCALIZACIÓN
Ubicación ES-MaACL
Número de control de estantería G-12134
Nota libre -- Enc. hol.
Holdings
Estatus retirado Estado de pérdida Estado de daño No para préstamo Colección Biblioteca de origen Biblioteca actual Ubicación en estantería Fecha de adquisición Fuente de adquisición Total de préstamos Signatura topográfica completa Código de barras Visto por última vez Precio de reemplazo Tipo de ítem Koha
        Libros del s. XIX Biblioteca del Ateneo de Madrid Biblioteca del Ateneo de Madrid Sala Pecera Planta 3 17/01/2008     G-12134 1159323 23/02/2023 23/02/2023 Libro impreso antiguo